| 000 | 00528nam a2200169 i 4500 | ||
|---|---|---|---|
| 001 | 32409 | ||
| 003 | ES-MaACL | ||
| 005 | 20230906154552.0 | ||
| 007 | t| | ||
| 008 | 030131s1978 sp ||||1| spa d | ||
| 100 | 1 |
_aBenito Ruano, Eloy. _927689 |
|
| 245 | 1 | 0 |
_aBúsqueda de tesoros en la España Medieval / _cEloy Benito Ruano. |
| 260 |
_a[S.l.] : _bGiannini, _c1978. |
||
| 300 |
_a8 h. ; _c24 cm. |
||
| 500 | _aEs separata de: Studi in memoria di Federigo Melis, v. III, p. 177-192. | ||
| 852 |
_aES-MaACL _j2121-F-13 _bR.99369 |
||
| 999 |
_c32409 _d32409 |
||